Manual de enfermería de asistencia prehospitalaria urgente

Saved in:
Bibliographic Details
Main Author: Morillo Rodríguez, Javier (autor)
Format: Book
Language:Spanish
Published: Madrid Elsevier 2007
Edition:1a. ed
Series:Elsevier Enfermeria Práctica
Subjects:
Tags: Add Tag
No Tags, Be the first to tag this record!

MARC

LEADER 00000cam a2200000 a 4500
001 UCD4990
003 CL-VaPUC
008 160731e20070000sp |||||||||||||||||spa|d
020 |a 9788481749090 
082 0 4 |a 610.73  |b MOR  |2 21 
100 |a Morillo Rodríguez, Javier  |e autor  |9 588712 
245 1 0 |a Manual de enfermería de asistencia prehospitalaria urgente 
250 |a 1a. ed 
300 |a 719 p 
942 |c BK 
945 |d 20160731 21:25:00  |a arojas 
260 |a Madrid  |b Elsevier  |c 2007 
650 7 |a ENFERMERIA  |2 CL-VaPUC  |9 358289 
650 0 |a Asistencia médica   |9 371858 
650 0 |a Atención médica  |9 337119 
650 0 |a Manuales  |9 257144 
583 |a last modification  |c 20160731 21:25:00  |k Rodrigo Vera 
490 0 |a Elsevier Enfermeria Práctica 
999 |c 365768  |d 365766